| 000 | 01335cam a2200337 a 4500 | ||
|---|---|---|---|
| 999 |
_c524403 _d524403 |
||
| 001 | 4454152 | ||
| 003 | NUST | ||
| 005 | 20190620113600.0 | ||
| 008 | 951204s1996 maua b 001 0 eng | ||
| 010 | _a 95049623 | ||
| 020 | _a0865429243 | ||
| 038 | _aASAB | ||
| 040 |
_aDLC _cDLC _dDLC |
||
| 050 | 0 | 0 |
_aQE511.4 _b.K43 1996 |
| 082 | 0 | 0 |
_a551.1/36 _220 |
| 100 | 1 |
_aKearey, P. _915225 |
|
| 245 | 1 | 0 |
_aGlobal tectonics / _cPhilip Kearey, Frederick J. Vine. |
| 250 |
_a2nd ed. _bPhotocopy |
||
| 260 |
_aBoston : _bBlackwell Science, _cc1996. |
||
| 300 |
_ax, 333 p. : _bill. ; _c25 cm. |
||
| 504 | _aIncludes bibliographical references (p. 303-322) and index. | ||
| 650 | 0 |
_aPlate tectonics _vTextbooks. _915226 |
|
| 700 | 1 |
_aVine, F. J. _915227 |
|
| 856 | 4 | 1 |
_3Table of contents only _uhttp://www.loc.gov/catdir/enhancements/fy0802/95049623-t.html |
| 856 | 4 | 2 |
_3Publisher description _uhttp://www.loc.gov/catdir/enhancements/fy0802/95049623-d.html |
| 856 | 4 | 2 |
_3Contributor biographical information _uhttp://www.loc.gov/catdir/enhancements/fy0802/95049623-b.html |
| 906 |
_a7 _bcbc _corignew _d1 _eocip _f19 _gy-gencatlg |
||
| 942 |
_2ddc _cBK |
||